South Eastern Kenya University

Library Online Public Access Catalogue


Solutions manual to accompany physical chemistry / (Record no. 2138)

MARC details
000 -LEADER
fixed length control field 00450nam a22001697a 4500
020 ## - ISBN
International Standard Book Number 9780471658023
050 00 - LIBRARY OF CONGRESS CALL NUMBER
Classification Number QD453.2
Item Number .P39 2005
100 1# - MAIN ENTRY--Author
Personal name Silbey, Robert J.
245 10 - TITLE
Title Solutions manual to accompany physical chemistry /
250 ## - EDITIONSTATEMENT
Edition statement 4th ed.
260 ## - PUBLICATION, DISTRIBUTION, ETC.(IMPRINT)
Place of publication, distribution, etc USA :
Name of publisher, distributor, etc John Wiley & Sons, Inc.
Date of publication, distribution, etc c2005.
300 ## - PHYSICAL DESCRIPTION
Extent 297 p. ;
650 #0 - SUBJECT--TOPIC
Topical term following geographic name as entry element Physical, Chemistry.
700 10 - ADDED ENTRY--PERSONAL AUTHOR
Personal Name Alberty, Robert A.
700 10 - ADDED ENTRY--PERSONAL AUTHOR
Personal Name Bawendi, Moungi G.
942 ## - ADDED ENTRY ELEMENTS(KOHA)
Koha item type General circulation
Holdings
Source of classification or shelving scheme Not for loan Location (home branch) Sublocation (holding branch) Date accessioned Cost, normal purchase price Full call number Barcode Cost, replacement price Nonpublic note Koha item type Public note
Library of Congress Classification   Main Campus Library Main Campus Library 27/08/2014 7047.00 QD453.2 .P39 2005 2019/023178 7547.00 Rono General circulation Rono
Kitui, Kenya.
+254736116989
library@seku.ac.ke